ARRUPE JESUIT UNIVERSITY

CORONAVIRUS -STOP THE SPREAD - CLEAN,DISINFECT,COVER

The structure of appearance. (Record no. 3025)

MARC details
000 -LEADER
fixed length control field 00874cam a22002651 4500
001 - CONTROL NUMBER
control field 8369251
005 - DATE AND TIME OF LATEST TRANSACTION
control field 20170801112412.0
008 - FIXED-LENGTH DATA ELEMENTS--GENERAL INFORMATION
fixed length control field 750515||||| xx 000 0 eng
010 ## - LIBRARY OF CONGRESS CONTROL NUMBER
LC control number 51009677
015 ## - NATIONAL BIBLIOGRAPHY NUMBER
National bibliography number GB51-14785
035 ## - SYSTEM CONTROL NUMBER
System control number (OCoLC)1334895
040 ## - CATALOGING SOURCE
Original cataloging agency DLC
Transcribing agency FMFIU
Modifying agency Uk
-- DLC
042 ## - AUTHENTICATION CODE
Authentication code premarc
050 00 - LIBRARY OF CONGRESS CALL NUMBER
Classification number B829.5
Item number .G6 1951
100 1# - MAIN ENTRY--PERSONAL NAME
Personal name Goodman, Nelson.
9 (RLIN) 19074
245 14 - TITLE STATEMENT
Title The structure of appearance.
260 ## - PUBLICATION, DISTRIBUTION, ETC. (IMPRINT)
Place of publication, distribution, etc Cambridge, , .
Name of publisher, distributor, etc Harvard University Press
Date of publication, distribution, etc 1951
300 ## - PHYSICAL DESCRIPTION
Extent xv, 315 p.
Other physical details diagrs.
Dimensions 22 cm.
500 ## - GENERAL NOTE
General note A rewriting of the author's thesis, Harvard University, submitted under title: A study of qualities.
504 ## - BIBLIOGRAPHY, ETC. NOTE
Bibliography, etc Bibliographical footnotes.
650 ## - SUBJECT ADDED ENTRY--TOPICAL TERM
Topical term or geographic name as entry element Phenomenology
9 (RLIN) 34159
906 ## - LOCAL DATA ELEMENT F, LDF (RLIN)
a 7
b cbc
c oclcrpl
d u
e ncip
f 19
g y-gencatlg
942 ## - ADDED ENTRY ELEMENTS (KOHA)
Source of classification or shelving scheme Library of Congress Classification
Item type Monograph ( Printed materials)
Holdings
Withdrawn status Lost status Source of classification or shelving scheme Damaged status Not for loan Collection code Home library Current library Shelving location Date acquired Total Checkouts Full call number Barcode Date last seen Copy number Price effective from Koha item type
    Library of Congress Classification     Main Collection ARRUPE LIBRARY ARRUPE LIBRARY   27/02/2013   B829.5.G6 1951 46404005 27/02/2013 1 27/02/2013 Monograph ( Printed materials)

 

Arrupe Library. PO Box MP320 Mt Pleasant, Harare, Zimbabwe
263 242 745411|librarian@aju.ac.zw